[Event "Bucharest ENE"]
[Site "Bucharest"]
[Date "1993.??.??"]
[Round "6"]
[White "Rogozenco, Dorian"]
[Black "Schwartzman, Gabriel"]
[Result "0-1"]
[WhiteElo "2500"]
[BlackElo "2480"]
[Annotator "Glatman,V"]
[PlyCount "96"]
[EventDate "1993.??.??"]
[EventType "tourn"]
[EventRounds "11"]
[EventCountry "ROU"]
[EventCategory "8"]
[SourceTitle "CBM 040"]
[Source "ChessBase"]
[SourceDate "1994.06.01"]
[SourceVersion "1"]
[SourceVersionDate "1994.06.01"]
[SourceQuality "1"]

1. d4 d5 2. c4 c6 3. Nf3 Nf6 4. Nc3 dxc4 5. a4 Bf5 6. Ne5 e6 7. f3 Bb4 8. e4
Bxe4 9. fxe4 Nxe4 10. Bd2 Qxd4 11. Nxe4 Qxe4+ 12. Qe2 Bxd2+ 13. Kxd2 Qd5+ 14.
Kc2 Na6 15. Nxc4 O-O-O 16. Qe5 f6 17. Qe3 Kb8 18. Be2 (18. Rg1 Qf5+ 19. Kb3
Nc5+ 20. Kb4 Rd5 21. Rc1 Rhd8 $13) (18. Kb3 Nc5+ 19. Ka3 Nxa4 20. b4 Nb6 21.
Nxb6 axb6 22. Qxb6 {Shirov,A-Mascarinas,R/Manila(izt)/1990/0,5 (54) Inf 49/446/
} Qe5 $1 23. Ba6 Qc3+ 24. Ka4 Qc2+ 25. Ka3 Qc3+ $10) 18... Qxg2 19. Rhg1 Qxh2
20. Rxg7 Nb4+ 21. Kb3 Nd5 22. Qf3 Qf4 (22... Qh4 23. a5 Qd4 24. a6 b5 25. Na5
Qb4+ 26. Kc2 Qc5+ $10 {Hertneck,G-Finegold,B/BRD/1990/ Inf 49/446/}) (22... Nf4
$2 23. Rxb7+ Kxb7 24. Na5+ Kb8 25. Nxc6+ Kc7 26. Nxd8 Rxd8 27. Qc3+ $36 {
Kramnik/}) (22... h5 23. Rf1 Rc8 24. Ka2 Rc7 25. Rfg1 Qf4 26. Qxf4 Nxf4 27.
Rxc7 Kxc7 28. Rg7+ Kb8 29. Bf3 $14 {Kramnik,V-Lautier,J/Cannes(m/6)/1993/1:0 
(72) Inf 57/375/}) 23. Rf1 Qd4 24. Qf2 Qxf2 25. Rxf2 Kc8 26. Bg4 f5 27. Bf3 $5
$146 (27. Bh5 Rd7 28. Rfg2 Rhd8 29. Ne5 Rxg7 30. Rxg7 Nf4 31. Rxh7 Rd5 32. Ng6
Nxg6 33. Bxg6 Rd7 $10 {Shirov,A-Bareev,E/Biel/1991/0,5 (45) Inf 52/377/}) 27...
Rd7 28. Rfg2 Re8 $1 (28... Rhd8 29. Ne5 Rxg7 30. Rxg7) 29. a5 (29. Ne5 Rxg7 30.
Rxg7 Re7) 29... Kc7 30. Rxd7+ Kxd7 31. Rg5 Re7 $15 32. Ka3 $6 (32. Kc2 $5)
32... Kc7 33. b4 b5 34. axb6+ (34. Ne5 Kd6 35. Nd3 Ne3 {/\e5,e4/}) 34... axb6
35. Kb3 b5 36. Nd2 (36. Ne5 $5 Kd6 37. Nd3 Ne3 38. Rh5 $5) 36... Ne3 37. Kc3
Rd7 $1 38. Rg1 e5 39. Re1 f4 40. Be4 Rd4 $1 41. Rh1 (41. Bxh7 Nd5+ $17) 41...
Nc4 42. Rxh7+ Kd8 43. Bxc6 Nxd2 44. Bxb5 f3 45. Rh5 Nb1+ 46. Kb3 (46. Kb2 Rxb4+
$19) (46. Kc2 Na3+ $19) 46... e4 47. Rf5 e3 48. Re5 (48. Rxf3 Nd2+ $19) 48...
Re4 $1 (48... Re4 49. Rxe4 Nd2+ 50. Kc2 Nxe4 {/\51...e2/} 51. Kd1 Nc3+) 0-1

[Event "Cappelle op 15th"]
[Site "Cappelle la Grande"]
[Date "1999.02.19"]
[Round "8"]
[White "Golod, Vitali"]
[Black "Safin, Shukhrat"]
[Result "1/2-1/2"]
[WhiteElo "2554"]
[BlackElo "2484"]
[Annotator "Golod,V"]
[PlyCount "119"]
[EventDate "1999.02.13"]
[EventType "swiss"]
[EventRounds "9"]
[EventCountry "FRA"]
[SourceTitle "CBM 070"]
[Source "ChessBase"]
[SourceDate "1999.06.08"]
[SourceVersion "1"]
[SourceVersionDate "1999.06.08"]
[SourceQuality "1"]

1. d4 d5 2. c4 c6 3. Nf3 Nf6 4. Nc3 dxc4 5. a4 Bf5 6. Ne5 Nbd7 7. Nxc4 Qc7 8.
g3 e5 9. dxe5 Nxe5 10. Bf4 Nfd7 (10... Rd8 11. Qc1) (10... Nfg4) 11. Bg2 f6 (
11... Bc5) (11... Be7) (11... Be6) (11... Rd8) 12. O-O Nc5 13. Ne3 (13. a5) (
13. Bxe5) (13. Nd2 Rd8 14. b4 (14. e4) 14... Ne6) (13. e4) 13... Bg6 14. a5 (
14. b4) 14... Rd8 15. Qe1 Be7 (15... Nb3 16. Ra4 Nxa5 17. Nb5 cxb5 18. Qxa5 Qd7
(18... Qxa5 19. Rxa5) 19. Raa1) 16. b4 Nb3 (16... Ne6 17. b5) 17. Ra2 O-O (
17... Bxb4 18. Rb2 (18. Ncd5 Bxe1 19. Nxc7+ Kd7 20. Rxe1 Kxc7) (18. a6 b6 19.
Rb2 Bf7 20. Ncd5 Bxe1 21. Nxc7+ Kd7 22. Ncd5) 18... Bxc3 19. Qxc3 Nxa5 20. Nd5
(20. Ng4)) 18. Rb2 Nd4 (18... Bf7) 19. Qc1 Ne6 (19... Bd6) 20. Bh3 (20. a6 bxa6
) 20... Bf7 (20... Ng5 21. Bxg5 fxg5 22. Ncd5 Qd6 23. Nxe7+ Qxe7) (20... Nxf4
21. gxf4 Nf7 22. Ncd5 Qd6 23. Nxe7+ Qxe7) 21. Ncd5 cxd5 22. Bxe6 Qxc1 23. Bxf7+
Rxf7 (23... Nxf7 24. Rxc1 g5 (24... Rd7) 25. Nf5 (25. Bc7)) 24. Rxc1 Nc6 (24...
d4) (24... Bf8) 25. a6 Bd6 26. axb7 (26. Nxd5 Bxf4 27. Nxf4 Ne5) 26... Bxf4 27.
gxf4 (27. Rxc6 Be5 28. Rc8 Rdf8 29. Nxd5 (29. f4 Bb8 30. Nxd5 Rxb7 31. Rxf8+
Kxf8) 29... Rxb7 30. Rxf8+ Kxf8 31. Rd2) 27... Nb8 28. Rc8 Rdf8 29. Nxd5 Rxb7
30. Rbc2 Rxc8 31. Rxc8+ Kf7 32. f5 (32. e4 Ke6 33. f3 Kd6 34. Rh8 h6 35. Kf2
Nc6 36. Rg8) 32... g6 33. fxg6+ (33. Rh8 Kg7) 33... hxg6 34. e4 f5 35. f3 (35.
exf5 gxf5 36. Rc7+ Rxc7 37. Nxc7 Nc6 38. b5 Nd4 39. Kg2) 35... fxe4 36. fxe4
Nd7 37. Kf2 (37. Rc6) 37... Nf6 38. Nxf6 (38. Rc4 Nxd5 39. exd5 Kf6) 38... Kxf6
39. Rc4 Rb5 40. Kf3 a5 41. Rc6+ Kg7 42. bxa5 Rxa5 43. Rc7+ Kh6 44. Rc3 (44. Kf4
Ra2 45. h4 Rh2) 44... Kg5 45. Re3 Ra2 46. Kg3 Kf6 47. h4 Ke5 48. Kg4 Rg2+ 49.
Rg3 Rh2 (49... Rxg3+ 50. Kxg3 Kxe4 51. Kg4) 50. Kg5 Kxe4 51. Rg4+ Kf3 52. Rf4+
Ke3 53. Rg4 Kf3 54. Rf4+ Ke3 (54... Kg3 55. Ra4) 55. Ra4 Rg2+ 56. Rg4 Rxg4+ 57.
Kxg4 Kf2 58. Kf4 Kg2 59. Kg4 Kh2 60. Kg5 1/2-1/2

[Event "Golden Sands Europe op 2nd"]
[Site "Golden Sands"]
[Date "2013.06.18"]
[Round "9"]
[White "Grover, Sahaj"]
[Black "Arngrimsson, Dagur"]
[Result "1-0"]
[WhiteElo "2478"]
[BlackElo "2396"]
[Annotator "Grover,S"]
[PlyCount "85"]
[EventDate "2013.06.10"]
[EventType "swiss"]
[EventRounds "9"]
[EventCountry "BUL"]
[SourceTitle "CBM 155"]
[Source "ChessBase"]
[SourceDate "2013.07.16"]
[SourceVersion "1"]
[SourceVersionDate "2013.07.16"]
[SourceQuality "1"]

{This game was played in the last round of Golden Sands. Things had been
pretty ordinary for me especially after I lost the penultimate round. To make
matters worse, this game had a 9 AM start. Can we change that to 10 or 11
please?} 1. d4 d5 2. c4 c6 3. Nf3 Nf6 4. Nc3 dxc4 5. a4 Bf5 6. Nh4 {My attempt
to avoid main theory. My laptop had crashed twice during the tournament, I
didn't prepare much before the game and I still wanted to go on. I have tried
this move before a few times with mixed results.} Bg4 $5 {Probably not the
best way for Black to proceed, 8...e6 or 8...Bc8 are more common.} 7. h3 Bh5 8.
g4 Bg6 9. Nxg6 hxg6 10. e3 $5 {I played this move over the board, e4 is
another option.} e6 11. Bxc4 Nbd7 (11... Bb4 {is normal here} 12. Kf1 {[%cal
Gf1g2] and okay, its game on!}) 12. a5 $5 {Stopping a5, but underestimating
Black's next move entirely...} b5 {The idea is interesting, but I believe it
was not necessary at this point..} (12... a6 $5 {was perhaps more logical.})
13. axb6 axb6 14. Rxa8 Qxa8 15. Qf3 $1 {I already began to like my position!}
Bb4 16. O-O O-O 17. Rd1 {A prophylactic idea against ...c5.} Rc8 (17... c5 18.
Qxa8 Rxa8 19. Ne2 $14) 18. g5 $5 (18. Bf1 $5) 18... Nh7 {A somewhat passive
move, personally speaking I would've preferred to move the knight to d5, for
instance:} (18... Nd5 19. Na2 $5 Be7 20. e4 Nc7 21. Nc3 b5 22. Bb3 (22. Bf1 b4
23. Ne2 c5) 22... Qb7 {It's still a little worse for Black, but I believe
Black can hold this position.}) 19. h4 Nhf8 20. Kg2 c5 {Finally! Black tries
to free the position, the c1-bishop gets some life now.} 21. Qxa8 Rxa8 22. d5
$6 (22. Bd2 $1 {I think it was better to keep the pawn on d4, not giving up
the e5-square, and Black's knights remain passive.}) 22... Ne5 23. Be2 Bxc3 24.
bxc3 Ra2 25. Bb5 {Honestly speaking, I thought I was clearly better. I
completely missed Black's next move, which changed my evaluation for the
moment.} c4 $1 26. e4 {I had some doubts about my position now, but as it
transpires White continues to have a small edge.} Ra5 $6 (26... Ra1 {might
have saved the day} 27. Rf1 exd5 28. exd5 Ra5 29. Bc6 Nxc6 30. dxc6 Ra8 $1 (
30... Rc5 $2 31. Rd1 $18) 31. Be3 Rc8 32. Bxb6 Rxc6 33. Be3 Ne6 {and Black is
not doing too badly here and has chances of holding this position.}) 27. Bc6
Ra1 (27... exd5 28. exd5 Nxc6 29. dxc6 Ra8 (29... Rc5 30. Ba3 Rxc6 31. Rd8 $18)
30. Be3 Ne6 31. Bxb6 Rc8 32. Rd6 Kf8 33. c7 Ke7 34. Rd8 $18) 28. Rf1 exd5 29.
Bxd5 Ne6 {He was in severe time trouble by now, and for some reason, I started
playing fast as well!} 30. Be3 Rxf1 31. Kxf1 b5 32. Ke2 {By now I was
convinced that my advantage was back!} Nd3 33. Bc6 b4 34. cxb4 Nxb4 35. Bd5 $1
c3 36. Bb3 Nc6 37. Kd3 Ne5+ 38. Kxc3 Nf3 39. Kd3 $1 {And a little trick to end
the game :)} Kf8 (39... Nxh4 $2 40. Bxe6 fxe6 41. Ke2 $18) 40. Bxe6 fxe6 41.
Bd4 $1 Nxh4 42. Ke2 Ke7 43. Be5 {Not bad for a 9 AM round!} 1-0

[Event "Nuremberg LGA Cup 3rd"]
[Site "Nuremberg"]
[Date "2006.09.10"]
[Round "6"]
[White "Kunin, Vitaly L"]
[Black "Fridman, Daniel"]
[Result "0-1"]
[WhiteElo "2494"]
[BlackElo "2569"]
[Annotator "Gutman,L"]
[PlyCount "104"]
[EventDate "2006.09.07"]
[EventType "swiss"]
[EventRounds "7"]
[EventCountry "GER"]
[SourceTitle "CBM 114 Extra"]
[Source "ChessBase"]
[SourceDate "2006.11.03"]
[SourceVersion "1"]
[SourceVersionDate "2006.11.03"]
[SourceQuality "1"]

1. d4 d5 2. c4 c6 3. Nf3 Nf6 4. Nc3 dxc4 5. a4 Bf5 6. Ne5 Nbd7 7. Nxc4 Qc7 8.
g3 e5 9. dxe5 Nxe5 10. Bf4 Nfd7 11. Bg2 g5 12. Bxe5 Nxe5 13. Qd4 f6 14. O-O-O
Be7 15. Ne3 Bg6 16. Be4 {Eine moderne Variante.} Nd7 ({In Banusz-Neelotpal,
Budapest 2005, folgte} 16... Qb6 17. Bxg6+ hxg6 {, wonach} 18. Qe4 $5 Qc5 19.
f4 gxf4 20. gxf4 Rh3 21. Nc2 Rh4 22. Ne1 Qc4 23. Rd4 Qb3 24. Nf3 Nxf3 25. exf3
f5 26. Qe5 Kf8 27. Re1 Rh7 28. Re2 $14 {sich anbot.}) 17. Bxg6+ (17. Nf5 $5 {
gefällt mir besser, 17...} Nc5 18. Qe3 Nxe4 19. Nxe4 O-O 20. g4 Bxf5 21. gxf5
Rad8 22. h4 $14 {und Weiß dominiert.}) 17... hxg6 18. Kb1 (18. Nc4 O-O-O 19.
Qxa7 Bc5 20. Qa8+ Nb8 21. Rxd8+ Rxd8 22. e3 g4 $44 {verspricht Schwarz Ersatz
für den Bauern.}) 18... O-O-O 19. Qe4 (19. Qxa7 Bc5 20. Qa8+ Nb8 (20... Qb8 21.
Qxb8+ Kxb8 22. Nc4 Bxf2 23. e3 b5 24. axb5 cxb5 25. Nxb5 Ne5 26. Rxd8+ Rxd8 27.
Nxe5 fxe5 28. e4 g4 29. Rc1 $16) 21. Nc4 Qf7 22. b3 Qe6 23. e3 g4 $44) 19...
Bc5 20. Qxg6 Bxe3 21. fxe3 Qe5 22. Qe4 Rde8 23. Qg4 Rh7 ({Auf} 23... Qe6 {folgt
} 24. Qd4 ({nicht} 24. Qxe6 Rxe6 25. h4 Rxe3 $15) 24... a6 25. h4 $11 {mit
beiderseitigen Perspektiven.}) 24. h4 gxh4 25. gxh4 Qxe3 26. Rd6 $6 ({
Vorsichtiger war} 26. h5 Qe6 27. Qd4 Qe3 28. Kc2 Qxd4 29. Rxd4 Rh6 $11) 26...
Qe5 27. Rhd1 f5 28. Qg5 f4 29. Qg6 Rg7 30. Qd3 Nc5 31. Qc4 a6 (31... Rg4 $5 32.
b4 Ne4 33. Qxe4 Qxe4+ 34. Nxe4 Rxe4 $15) 32. Ka2 Rd7 33. Rxd7 Nxd7 34. Qf7 (34.
Rd4 Nb6 35. Qf7 Qxd4 36. Qxe8+ Kc7 37. h5 Nxa4 38. h6 $11 {reicht zum
Ausgleich.}) 34... Re7 35. Qg8+ $2 (35. Qc4 Nb6 36. Qd4 Qxd4 37. Rxd4 $11)
35... Kc7 36. Rh1 Nf6 37. Qc4 Nh5 38. Ka1 Rd7 39. Rg1 $6 Ng3 40. Ka2 Qf6 $6 ({
Zeitnot, richtig war} 40... Kb8 $17 {mit schwarzem Vorteil.}) 41. Rc1 $2 (41.
e3 Qxh4 42. exf4 Nf5 $11) 41... Qe5 (41... Qf7 42. Qxf7 Rxf7 $17) 42. Qb4 $6 (
42. Rg1 Kb8 43. h5 Ka7 44. h6 Rh7 $17) 42... Rd4 43. Qf8 Nxe2 $19 44. Nxe2
Rxa4+ 45. Kb1 Qxe2 46. Qf7+ Kb6 47. Qb3+ Qb5 48. Qc2 Rd4 49. Rd1 Rc4 50. Qd3
Rb4 51. Qd8+ Ka7 52. Qf6 Qe2 0-1

[Event "Bermuda"]
[Site "Bermuda"]
[Date "2004.01.25"]
[Round "10"]
[White "Vescovi, Giovanni P"]
[Black "Gelfand, Boris"]
[Result "1-0"]
[WhiteElo "2633"]
[BlackElo "2709"]
[Annotator "Hecht,H"]
[PlyCount "185"]
[EventDate "2004.01.15"]
[EventType "tourn"]
[EventRounds "10"]
[EventCountry "BER"]
[EventCategory "16"]
[SourceTitle "CBM 099"]
[Source "ChessBase"]
[SourceDate "2004.03.30"]
[SourceVersion "1"]
[SourceVersionDate "2004.03.30"]
[SourceQuality "1"]

{[%mdl 2]} 1. d4 d5 2. c4 c6 3. Nf3 Nf6 4. Nc3 dxc4 5. a4 Bf5 6. Ne5 e6 7. f3
Bb4 8. e4 Bxe4 9. fxe4 Nxe4 10. Bd2 Qxd4 11. Nxe4 Qxe4+ 12. Qe2 Bxd2+ 13. Kxd2
Qd5+ 14. Kc2 Na6 15. Nxc4 O-O 16. Qe5 Rab8 17. a5 f6 18. Qxd5 cxd5 19. Nd2
Rfc8+ 20. Kb1 Nb4 21. Ra4 Nc6 22. Nb3 Kf7 23. Be2 Ke7 24. Rg4 g5 25. Rg3 Kd6
26. Rf1 Rf8 27. Rh3 f5 28. Rxh7 Rh8 29. Rg7 Rhg8 30. Rxg8 Rxg8 31. a6 bxa6 32.
Bxa6 Rh8 33. h3 f4 34. Rd1 e5 35. Bd3 Nb4 36. Be4 Ke6 37. Nc5+ Kd6 38. Nb3 Ke6
39. Bf3 e4 40. Nc5+ Ke5 41. Re1 Kd6 42. Nxe4+ dxe4 43. Rxe4 Rb8 44. h4 gxh4 45.
Rxf4 Kc5 46. b3 a5 47. Rxh4 Rd8 48. Rh5+ Kb6 49. Kb2 Rc8 50. Rh6+ Kc5 51. Ka3
Nc2+ 52. Ka4 Nd4 53. Ra6 Rf8 {In my opinion, Gelfand here misses a
transposition to a rook ending in which White has problems in uniting his
remaining pieces. I do not mean to say that he could draw like this. But in
that line the losing chances are no greater than in what was played, which
offered him no real hope at all. Meiner Meinung nach verpasst Gelfand hier den
Übergang in ein Turmendspiel, in dem Weiß Probleme hat, seine verbleibenden
Kräfte zu bündeln. Ich will damit nicht sagen, dass er damit Remis erreichen
konnte. Doch in der Variante sind die Verlustchancen jedenfalls nicht größer
als in dem im Großen und Ganzen auf Dauer hoffnungslosen Text.} (53... Nxf3 54.
gxf3 Rf8 55. Kxa5 Rb8 $1 56. Ka4 Rb4+ 57. Ka3 Rf4 58. Rg6 $2 (58. Re6 $1 Kb5 (
58... Rxf3 59. Ka4 $1 $18) (58... Kd4 59. Re4+ $18) (58... Rf8 59. Re3 Kd4 60.
Re4+ Kd5 61. Rh4 Rxf3 62. Rh6 {horizontal barrier. horizontale Sperre}) 59. Re3
$18 {[%cal Ge3d3,Ga3b2,Gb2c2,Gc2d2,Gd2e3]}) 58... Kb5 $1 (58... Rxf3 59. Ka4
$18) 59. Rg5+ Kb6 60. Rg3 Kb5 61. b4 (61. Rh3 {changes nothing ändert nichts})
61... Rf5 62. Kb3 Rf4 63. Kc3 Rc4+ 64. Kd3 Rxb4 65. Ke3 Kc6 66. Rg7 Kd6 $11)
54. Rxa5+ Kb6 55. Ra8 Rf5 56. Be4 Re5 57. Bd3 Nc6 58. b4 Re1 59. Rg8 Ne5 60.
Bf5 Rf1 61. Rg5 Rf4 62. g3 Rd4 63. Rh5 Nc6 64. Rh4 Rd8 65. Be4 Nd4 66. Rh6+ Kc7
67. b5 Rb8 68. Bd3 Re8 69. Rh4 Rd8 70. Kb4 Rd6 71. Rh7+ Kb6 72. Be4 Nxb5 73.
Rb7+ Ka6 74. Rxb5 Rd4+ 75. Kc5 Rxe4 76. Rb3 $18 Rg4 77. Kd5 Ka5 78. Ke5 Rg8 79.
Kf6 Ka6 80. Kf7 Rg4 81. Ke6 Rg8 82. Kf6 Ka5 83. Kf7 Rg4 84. Rf3 Kb5 85. Kf6 Kc6
86. Kf5 Rg8 87. g4 Kd7 88. Rd3+ Ke7 89. g5 Ra8 90. Kg6 Kf8 91. Kh7 Ra7+ 92. Kh8
Kf7 93. Rd6 1-0

[Event "Asia-ch"]
[Site "Kolkata"]
[Date "2001.08.10"]
[Round "2"]
[White "Dao, Thien Hai"]
[Black "Ravi, Lanka"]
[Result "1-0"]
[WhiteElo "2572"]
[BlackElo "2389"]
[Annotator "Hecht,H"]
[PlyCount "147"]
[EventDate "2001.08.09"]
[EventType "swiss"]
[EventRounds "11"]
[EventCountry "IND"]
[SourceTitle "CBM 085"]
[Source "ChessBase"]
[SourceDate "2001.11.13"]
[SourceVersion "1"]
[SourceVersionDate "2001.11.13"]
[SourceQuality "1"]

1. d4 d5 2. c4 c6 3. Nf3 Nf6 4. Nc3 dxc4 5. a4 Bf5 6. Ne5 Nbd7 7. Nxc4 Nd5 8.
f3 e5 9. e4 Nxc3 10. bxc3 Be6 11. Rb1 exd4 12. cxd4 Nb6 13. Nxb6 axb6 14. Be3
Bd6 15. d5 cxd5 16. Bb5+ Kf8 17. exd5 Bxd5 18. O-O h5 19. Rb2 Qe7 20. Re2 Be6
21. Bxb6 h4 22. Qd4 Rh5 23. Rc1 Rd5 24. Qf2 Qg5 25. Be3 Bf4 26. Bxf4 Qxf4 27.
Rce1 h3 28. g3 Qc7 29. g4 Rad8 30. Qh4 Qc3 31. Qxh3 Rd1 32. Qh8+ Ke7 33. Qh4+
Kf8 34. Kg2 R8d2 35. Qf2 Kg8 36. Rxd2 Rxd2 37. Re2 Rd4 38. Qe3 Qc5 39. Kg3 Qd6+
40. Qe5 Qd8 41. h3 Rd5 42. Qe4 Qc7+ 43. Qf4 Qb6 44. Kg2 Rd1 45. Qe3 Qd6 46. Rb2
Rd4 47. Re2 Bd5 48. Qe8+ Kh7 49. Qe7 Qxe7 50. Rxe7 Rf4 51. Re3 Rb4 52. Kg3 Kg6
53. h4 Kh6 54. Rd3 Bb3 55. Rd7 f6 56. Bd3 Bxa4 57. g5+ fxg5 58. Rd6+ Kh5 59.
Bg6+ Kh6 60. Bf5+ g6 61. Rxg6+ Kh5 62. Rxg5+ Kh6 63. Rg6+ Kh5 64. Rg4 Rxg4+ 65.
fxg4+ {[#] Technisch scheinbar einfacher Gewinn trotz falschem Randbauer.} Kh6
66. g5+ Kh5 67. Bg4+ Kg6 68. Kf4 {[#]} Bc2 (68... Be8 $142 $1 69. h5+ Kg7 70.
h6+ Kh7 71. Bf5+ Kh8 72. Ke5 b5 (72... b6 73. Kf6 b5 74. Be6 b4 75. Bf7 Bxf7
76. Kxf7 b3 77. g6 b2 78. g7+ $18 {ist zu langsam}) 73. Kf6 $2 (73. Kd4 $1 Bf7
(73... Kg8 74. Kc5 Kh8 75. Bd3 Kg8 76. Bxb5 Bg6 77. Kd6 Kh8 78. Ke7 Kg8 79. Kf6
Bc2 80. Bd7 Kh8 81. Bf5 $18) 74. Kc5 Bc4 75. g6 Kg8 76. g7 Bf7 77. Kxb5 Bg6 78.
Be6+ $18) 73... b4 74. Be6 (74. Ke7 Bh5 75. Be6 Kh7 $11 (75... Bg6 76. Bf7 Bc2
$11)) 74... Kh7 75. Bf7 Bxf7 76. Kxf7 b3 77. g6+ Kxh6 78. g7 b2 79. g8=Q b1=Q
$11 {[%csl Gg6][%cal Gb1g6]}) 69. h5+ Kg7 70. Bf5 Bb3 71. h6+ Kf7 72. Ke5 b5
73. g6+ Kf8 74. Kf6 1-0

[Event "Munich SKA"]
[Site "Munich"]
[Date "1994.05.23"]
[Round "3"]
[White "Van der Sterren, Paul"]
[Black "Beliavsky, Alexander G"]
[Result "1/2-1/2"]
[WhiteElo "2605"]
[BlackElo "2650"]
[Annotator "Hertneck,G"]
[PlyCount "81"]
[EventDate "1994.05.21"]
[EventType "tourn"]
[EventRounds "11"]
[EventCountry "GER"]
[EventCategory "16"]
[SourceTitle "CBM 042"]
[Source "ChessBase"]
[SourceDate "1994.10.01"]
[SourceVersion "1"]
[SourceVersionDate "1994.10.01"]
[SourceQuality "1"]

1. Nf3 d5 2. d4 Nf6 3. c4 c6 4. Nc3 dxc4 5. a4 Bf5 6. Ne5 e6 7. f3 Bb4 8. e4
Bxe4 9. fxe4 Nxe4 10. Bd2 Qxd4 11. Nxe4 Qxe4+ 12. Qe2 Bxd2+ 13. Kxd2 Qd5+ 14.
Kc2 Na6 15. Nxc4 O-O-O 16. Qe5 f6 17. Qe3 Kb8 18. Be2 e5 {This simple move,
which was invented by Solozhenkin and revived by Ivanchuk has good chances to
replace the old mainline 18...Qg2.} 19. Rad1 (19. Kb3 Nc5+ 20. Ka3 Ne6 $13) (
19. g3 Qe6 20. b3 Rd5 21. Kb2 Rhd8 22. Rad1 $13 {Kramnik,V-Ivanchuk,V/Linares/
1994}) 19... Qe6 (19... Qxg2 {! Beliavsky} 20. Rhg1 Qxh2 21. Rh1 (21. Rxd8+
Rxd8 22. Rxg7 $44) (21. Rxg7 Rxd1 22. Kxd1 Rd8+ 23. Kc2 Rd4 24. Rg8+ Kc7 25.
Rg7+ Kb8 $10 {Beliavsky}) 21... Qf4 (21... Qg2 22. Rhg1 $10) 22. Qxf4 exf4 23.
Rxh7 $1 $13) 20. Rxd8+ Rxd8 21. Rd1 Rd5 $1 22. Qa3 Nc5 23. Ne3 Rxd1 24. Kxd1
Qd6+ 25. Ke1 g6 26. a5 Kc7 27. Ng4 f5 (27... Nd7) 28. Nf6 $1 Qe7 29. Nxh7 b6 $1
30. axb6+ axb6 31. Qa7+ (31. Qh3 $2 Ne4 $36) 31... Nb7 32. Ba6 Qb4+ $10 33. Kd1
Qa4+ 34. Kc1 Qa1+ 35. Kc2 Qa4+ 36. Kc1 Qa1+ 37. Kc2 Qa4+ 38. Kc3 Qa5+ 39. b4
Qa1+ 40. Kc2 Qa2+ 41. Kd1 1/2-1/2

[Event "Munich SKA"]
[Site "Munich"]
[Date "1993.??.??"]
[Round "10"]
[White "Bareev, Evgeny"]
[Black "Hertneck, Gerald"]
[Result "1/2-1/2"]
[WhiteElo "2670"]
[BlackElo "2575"]
[Annotator "Hertneck,G"]
[PlyCount "59"]
[EventDate "1993.05.??"]
[EventType "tourn"]
[EventRounds "11"]
[EventCountry "GER"]
[EventCategory "16"]
[SourceTitle "CBM 036"]
[Source "ChessBase"]
[SourceDate "1993.10.01"]
[SourceVersion "1"]
[SourceVersionDate "1993.10.01"]
[SourceQuality "1"]

1. d4 Nf6 2. Nf3 d5 3. c4 c6 4. Nc3 dxc4 5. a4 Bf5 6. Ne5 e6 7. f3 Bb4 8. Bg5
h6 9. Bh4 c5 10. dxc5 Qa5 $1 11. Qd4 (11. Nxc4 {- 44/448}) 11... Nc6 (11...
Bxc5 {- 46/497}) 12. Nxc6 bxc6 13. e4 Bg6 (13... Bxc5 $5 14. Qxc4 Bg6 $13) 14.
Bf2 $1 (14. Bxf6 Bxc5 15. Qe5 gxf6 16. Qxf6 O-O 17. Bxc4 $140 Qb4 18. Bxe6 Kh7
19. Bf5 Bd4 20. Bxg6+ fxg6 21. Qxc6 Qxb2 22. Qd7+ Bg7 $19) (14. O-O-O Bxc5 15.
Qxc4 O-O $40) 14... O-O 15. Be2 Rfd8 (15... Nd7 16. O-O) 16. Qxc4 Nd7 17. O-O (
17. Rd1 Ne5 $1 $10 {Van Wely,L-Tukmakov,V, Helsinki op 1992} (17... Nxc5 18.
O-O $14)) 17... Bxc5 18. Rab1 $5 Bxf2+ 19. Rxf2 c5 $2 (19... Ne5 $142 20. Qa6
Qb4 $1 21. f4 $140 Bxe4 22. Nxe4 Qxe4 23. Rc1 Nd3 24. Bxd3 Rxd3 25. Qxc6 Rd1+
26. Rf1 Rxf1+ 27. Kxf1 Qxf4+ 28. Kg1 $17) 20. Rd1 Nb6 21. Rxd8+ $1 (21. Qb5
Rxd1+ 22. Bxd1 Qxb5 23. Nxb5 (23. axb5 a6 $10) 23... Rd8 24. Bc2 a5 $10) 21...
Rxd8 22. Qb5 $14 {>< c5, >< Bg6} Qxb5 (22... Qb4 $5 23. a5 Nc8 24. Na4 $140
Rd1+) 23. Bxb5 a5 24. Rc2 c4 $1 (24... Rd4 25. Ne2 Rb4 26. b3 $1 Rxb3 27. Rxc5
Rb4 28. Nc3 $16) 25. Kf2 $6 (25. Ne2 e5 (25... Rc8 $2 26. Rd2) 26. Bxc4 Nxa4
27. Bb3 Rd1+ $8 (27... Nb6 28. Rc6 $18) 28. Kf2 Ra1 $14 {>< Bg6}) 25... f6 $10
26. Ke3 (26. Ne2 Be8 27. Bxc4 Nxc4 28. Rxc4 Rb8 29. Rc5 Rxb2 30. Rxa5 Ra2 31.
Ra8 Kf7 $10) 26... Kf8 27. Nb1 (27. Rd2 Rxd2 28. Kxd2 Be8 $8 29. Kc2 Ke7 30.
Bxe8 Kxe8 31. Nb5 Kd7 $10) 27... Be8 28. Nd2 Rd3+ 29. Ke2 Rd4 30. b3 1/2-1/2